Royaumes de Feu : 9 guêpiers - Statistiques

Statistiques générales
  • Ce quiz a été pris 96 fois
    94 depuis la dernière actualisation
  • Le résultat moyen est 6 sur 9
Statistiques - réponses
guêpier nom % Correct
guêpier des lucioles
85%
guêpier Royal
83%
guêpier des cigales
78%
guêpier des larves
76%
guêpier des bourdons
73%
guêpier des frelons
69%
guêpier des Tsé-Tsé
69%
guêpier des mantes
58%
guêpier des vinaigriers
39%
Aucun quiz correspondant
Distribution des résultats
% des personnes avec chaque résultat
Percentile par nombre de réponses
Votre historique - résultats
Vous n’avez pas pris ce quiz depuis la dernière actualisation